| 000 | 00565nam a2200181Ia 4500 | ||
|---|---|---|---|
| 005 | 20250508164952.0 | ||
| 008 | 008 250505s9999 xx 000 0 hin d | ||
| 037 | _aTextBook | ||
| 040 |
_aFEDL _beng _cFEDL |
||
| 041 |
_ahin _2eng |
||
| 084 |
_a300, NCE/R _qFEDL |
||
| 245 | 0 | _aSamajik vigyan: Humare attit-3: Bhag 1, Kaksha 8 ke liye itihas ki patthya pushtak. 2 Vol. | |
| 245 | 0 | _cNCERT. New Delhi | |
| 260 |
_aDehradun, India _bKendriya Braille Press _c2010 |
||
| 546 | _aBraille books | ||
| 942 |
_cTB _h300, NCE/R |
||
| 999 |
_c1392376 _d1392376 |
||